000 00247nam a2200097Ia 4500
001 929612
005 20250826191658.0
008 250824s9999 xx 000 0 und d
245 0 _aTÜRKÜLERDEN SEÇMELER
_cŞENAY AKPINAR
260 _bBİLGE YAYINLARI
999 _c929612
_d929612